000 00856nam a2200277 i 4500
001 000028441
003 DO-SdBNP
005 20240530073920.0
007 ta
008 110408s2010 dr 001 f spa d
040 _aDO-SdBNP
_bspa
_cBNPHU
_erda
082 4 _aRD863.44
_bR457r
_222
100 1 _aReyes, Freddy,
_d1936-
_9703
_eautor
245 1 0 _aReina Peregrina /
_cFreddy Reyes.
264 _aSanto Domingo
_bBúho
_c2010.
300 _a217 páginas ;
_c24 cm.
336 _2rdacontent
_atexto
_btxt
337 _2rdamedia
_asin mediació
_bn
338 _2rdacarrier
_avolumen
_bnc
500 _aIncluye datos biográficos del autor en la solapa de la cubierta.
590 _aInventariado, 2020/DG
650 0 _aNovela dominicana
_9223
650 0 _aLiteratura dominicana.
_967
910 _aValidado. Control de calidad EMS
942 _2ddc
_cLBS1
999 _c27933
_d27933